|
|
|
|
| LEADER |
00000ny a22000003n 4500 |
| 005 |
20110524114530.0 |
| 008 |
051102s2005 sp s 010 0 spa d |
| 017 |
|
|
|a D.L. M.43308-2005
|
| 020 |
|
|
|a 8497727770
|
| 035 |
|
|
|a 1383
|
| 040 |
|
|
|a BUS
|d vLex
|
| 040 |
|
|
|a UMA.RE
|d vLex
|
| 080 |
|
|
|a 343(082)
|
| 090 |
|
|
|c 203
|d 203
|
| 245 |
0 |
0 |
|a Estudios penales en homenaje al profesor Cobo del Rosal
|h [Recurso electrn̤ico]
|c Juan Carlos Carbonell Mateu... [et al.] (coordinadores) ; Alonso Alamo, Mercedes... [et al.]
|
| 256 |
|
|
|a Servicio en ln̕ea
|
| 260 |
|
|
|a Madrid :
|b Dykinson,
|c D.L. 2005
|
| 300 |
|
|
|a XLIV, 972 p. :
|b il. n. ;
|c 25 cm
|
| 506 |
1 |
|
|a Contenido solo disponible en los productos indicados
|d vLex Global
|d vLex Global (Academic Edition, excluding Law Schools)
|d vLex Global (U.S. Academic Edition, Law Schools)
|d vLex Global (U.S. Academic Edition, excluding Law Schools)
|d vLex Global (Academic Edition, Law Schools)
|
| 650 |
0 |
7 |
|a Penal
|2 Tesauro vLex
|
| 650 |
0 |
7 |
|a Derecho penal
|2 Tesauro vLex
|
| 700 |
1 |
|
|a Alonso Alamo, Mercedes,
|e coaut
|
| 700 |
1 |
|
|a Carbonell Mateu, Juan Carlos,
|e coord
|
| 700 |
1 |
|
|a Cobo del Rosal, Manuel,
|e hom
|
| 740 |
0 |
|
|a vLex Libros (Servicios en ln̕ea)
|
| 856 |
4 |
0 |
|u http://vlex.com/source/1383
|z Acceso restringido
|
| 942 |
|
|
|c BOOK
|
| 999 |
0 |
|
|a Criminal Law
|b Madrid
|